000 00671nam a2200193 a 4500
005 20240920064449.0
008 991125s1971 fr 000 0 fre u
035 _aUPN01000040955
049 _aF
050 4 _aLB5
_bB9
100 1 _aNoel-Baker, Philip John,
_d1889-1982
245 1 0 _aNecessite de faire a l'education phisique une plus large place dans les systemes d'enseignement /
_cPhilip Noel-Baker.
260 _a[París] :
_bUNESCO,
_c1971.
300 _a10 p.
440 0 _aSerie B.
_pOpinions ;
_v9
520 _aA la cabeza de la portada: Commission Internattionale sur le Developpement de l'Education
650 4 _aEducación física
_912884
905 _aLibro
999 _c40955
_d40955